[Event "Bodenmais Arber Seniors op 10th"]
[Site "Bodenmais"]
[Date "2023.08.08"]
[Round "4"]
[White "Birken, Michael"]
[Black "Auterhoff, Juergen"]
[Result "1-0"]
[WhiteElo "1945"]
[BlackElo "1749"]
[PlyCount "47"]
[EventDate "2023.08.05"]
[EventType "swiss"]
[EventRounds "9"]
[EventCountry "GER"]
[SourceTitle "EXT 2024"]
[Source "ChessBase"]
[SourceDate "2023.10.10"]
[SourceVersion "1"]
[SourceVersionDate "2023.10.10"]
[SourceQuality "1"]

1. e4 e5 2. Nf3 Nf6 3. Nxe5 d6 4. Nf3 Nxe4 5. d4 d5 6. Bd3 Bf5 7. 0-0 Be7 8. Re1 Nc6 9. Nc3 Nxc3 10. bxc3 Bxd3 11. cxd3 0-0 12. Rb1 Rb8 13. Bf4 Re8 14. Qa4 Qc8 15. Rb5 Rd8 16. Qb3 Qd7 17. Rxb7 Na5 18. Rxc7 Rxb3 19. Rxd7 Rxd7 20. axb3 Nxb3 21. Ne5 Rb7 22. Nc6 Kf8 23. Nxe7 Rxe7 24. Bd6 1-0

[Event "Rottach Egern Seniors Cup 11th"]
[Site "Rottach Egern"]
[Date "2023.04.18"]
[Round "4"]
[White "Fabig, Holger"]
[Black "Auterhoff, Juergen"]
[Result "0-1"]
[WhiteElo "1990"]
[BlackElo "1719"]
[PlyCount "50"]
[EventDate "2023.04.15"]
[EventType "swiss"]
[EventRounds "9"]
[EventCountry "GER"]
[SourceTitle "EXT 2024"]
[Source "ChessBase"]
[SourceDate "2023.10.10"]
[SourceVersion "1"]
[SourceVersionDate "2023.10.10"]
[SourceQuality "1"]

1. e4 e5 2. d4 exd4 3. c3 dxc3 4. Nxc3 Bb4 5. Bc4 Bxc3+ 6. bxc3 Qe7 7. Qb3 Qxe4+ 8. Ne2 Qe7 9. 0-0 Nf6 10. Bg5 h6 11. Rae1 0-0 12. Bh4 Nc6 13. Nf4 Qd6 14. Nd5 Nxd5 15. Bxd5 Qg6 16. Re3 d6 17. Rfe1 Na5 18. Qd1 Bg4 19. Qd4 Nc6 20. Qa4 Bd7 21. Rg3 Qf5 22. Be4 Rae8 23. Qc2 d5 24. f3 dxe4 25. fxe4 Qf4 0-1

[Event "Rottach Egern Seniors Cup 11th"]
[Site "Rottach Egern"]
[Date "2023.04.17"]
[Round "3"]
[White "Auterhoff, Juergen"]
[Black "Farel, Edgard"]
[Result "1/2-1/2"]
[WhiteElo "1719"]
[BlackElo "1520"]
[PlyCount "100"]
[EventDate "2023.04.15"]
[EventType "swiss"]
[EventRounds "9"]
[EventCountry "GER"]
[SourceTitle "EXT 2024"]
[Source "ChessBase"]
[SourceDate "2023.10.10"]
[SourceVersion "1"]
[SourceVersionDate "2023.10.10"]
[SourceQuality "1"]

1. d4 Nf6 2. Bf4 d6 3. Nc3 e6 4. e4 Be7 5. Nf3 Bd7 6. Be2 h6 7. e5 Nd5 8. Nxd5 exd5 9. exd6 Bxd6 10. Bxd6 cxd6 11. 0-0 0-0 12. h3 Re8 13. Re1 a6 14. c3 Nc6 15. Qb3 Rb8 16. Qxd5 Be6 17. Qh5 Ne7 18. Bd3 Rf8 19. Ng5 Qd7 20. Nh7 Rfe8 21. Ng5 hxg5 22. Qh7+ Kf8 23. Qh8+ Ng8 24. Bh7 f6 25. Re3 Qf7 26. Rae1 Bd7 27. Be4 g6 28. h4 Qg7 29. Qxg7+ Kxg7 30. hxg5 f5 31. Bd5 Rxe3 32. Rxe3 Bc6 33. Bb3 Re8 34. Rxe8 Bxe8 35. f4 Bf7 36. d5 Ne7 37. c4 Be8 38. Kf2 b5 39. cxb5 axb5 40. a3 Nc8 41. Ke3 Nb6 42. Kd3 Kf7 43. Ba2 Bd7 44. b4 Bc8 45. Bb3 Ba6 46. g3 Ke7 47. Kd4 Kd8 48. Kd3 Kc7 49. Kd4 Na4 50. Kd3 Bb7 1/2-1/2

[Event "Rottach Egern Seniors Cup 9th"]
[Site "Rottach Egern"]
[Date "2021.10.28"]
[Round "7"]
[White "Auterhoff, Juergen"]
[Black "Beulertz, Stefan"]
[Result "1/2-1/2"]
[WhiteElo "1788"]
[BlackElo "1956"]
[PlyCount "90"]
[EventDate "2021.10.22"]
[EventType "swiss"]
[EventRounds "7"]
[EventCountry "GER"]
[SourceTitle "CBM 204 Extra"]
[Source "ChessBase"]
[SourceDate "2021.11.30"]
[SourceVersion "1"]
[SourceVersionDate "2021.11.30"]
[SourceQuality "1"]

1. e4 e6 2. d4 d5 3. Nd2 f5 4. e5 c5 5. c3 Nc6 6. Ndf3 Bd7 7. Bd3 Qb6 8. Ne2 g6 9. Qb3 Qc7 10. Qd1 Nh6 11. Bg5 Bg7 12. 0-0 Nf7 13. Bf4 h6 14. h4 b6 15. g3 0-0 16. Qd2 Qd8 17. Kg2 Qe7 18. a3 a5 19. Rac1 c4 20. Bb1 b5 21. Bc2 Rfb8 22. Ra1 Rb7 23. Rfb1 Rab8 24. Qc1 b4 25. axb4 axb4 26. Bd1 Qd8 27. Bd2 Bf8 28. Bc2 Kg7 29. Bd1 Na5 30. cxb4 Bxb4 31. Bxb4 Rxb4 32. Nc3 Qb6 33. Ra2 Nd8 34. Rba1 Nb3 35. Bxb3 Rxb3 36. Ra6 Qc7 37. Ra7 R8b7 38. Rxb7 Qxb7 39. Ra2 Qb6 40. Qa1 Nf7 41. Ra6 Qb4 42. Na2 Qb7 43. Nc3 Bc8 44. Ra7 Qb6 45. Ra2 Bd7 1/2-1/2

[Event "Rottach Egern Seniors Cup 9th"]
[Site "Rottach Egern"]
[Date "2021.10.25"]
[Round "4"]
[White "Kurze, Volker"]
[Black "Auterhoff, Juergen"]
[Result "1/2-1/2"]
[WhiteElo "1691"]
[BlackElo "1788"]
[PlyCount "61"]
[EventDate "2021.10.22"]
[EventType "swiss"]
[EventRounds "7"]
[EventCountry "GER"]
[SourceTitle "CBM 204 Extra"]
[Source "ChessBase"]
[SourceDate "2021.11.30"]
[SourceVersion "1"]
[SourceVersionDate "2021.11.30"]
[SourceQuality "1"]

1. e4 e5 2. Nc3 Nf6 3. g3 Bc5 4. Bg2 d6 5. Na4 Bb6 6. Nxb6 axb6 7. Ne2 c5 8. 0-0 0-0 9. c3 Bg4 10. f3 Be6 11. d4 Bc4 12. d5 Nbd7 13. b3 Ba6 14. Re1 b5 15. Be3 Re8 16. Qd2 Qc7 17. g4 Nf8 18. Ng3 g6 19. Bg5 N6d7 20. Bh6 Nf6 21. h4 Kh8 22. Kf2 Ng8 23. Be3 f6 24. Rh1 Qf7 25. h5 g5 26. Nf5 Rad8 27. Bf1 Ne7 28. Nh6 Qg7 29. Nf5 Nxf5 30. gxf5 h6 31. Be2 1/2-1/2

[Event "DSOL 07 Liga Gr-C 1st"]
[Site "Playchess.com INT"]
[Date "2020.07.10"]
[Round "3.4"]
[White "Bender, Iris"]
[Black "Auterhoff, Juergen"]
[Result "0-1"]
[WhiteElo "1167"]
[BlackElo "1686"]
[PlyCount "78"]
[EventDate "2020.06.22"]
[EventType "team-tourn (rapid)"]
[EventCountry "GER"]
[SourceTitle "EXT 2021"]
[Source "ChessBase"]
[SourceDate "2020.10.23"]
[SourceVersion "1"]
[SourceVersionDate "2020.10.23"]
[SourceQuality "1"]
[WhiteTeam "Bickenbach II"]
[BlackTeam "Gern SF III"]
[WhiteTeamCountry "GER"]
[BlackTeamCountry "GER"]

1. Nf3 d5 2. g3 Nf6 3. Bg2 Nc6 4. d3 Bf5 5. 0-0 h6 6. Nbd2 e6 7. b3 Be7 8. Bb2 0-0 9. Re1 d4 10. c3 e5 11. Nc4 dxc3 12. Bxc3 e4 13. dxe4 Bxe4 14. Ncd2 Bd5 15. e3 Nb4 16. Bxb4 Bxb4 17. Rf1 c6 18. Qc2 Qe7 19. Nc4 Be4 20. Qe2 Rad8 21. Nb2 Bxf3 22. Bxf3 Rd2 23. Qc4 Rxb2 24. Qd4 Rd2 25. Qxa7 Rfd8 26. Qb6 Nd5 27. Bxd5 R2xd5 28. Rac1 Bc5 29. Rxc5 Rxc5 30. Qb4 Re5 31. Qc3 Qc5 32. Qb2 Red5 33. Rc1 Rd1+ 34. Rxd1 Rxd1+ 35. Kg2 Qd5+ 36. Kh3 Rd2 37. Qc1 Rxf2 38. g4 Qf3+ 39. Kh4 Rxh2# 0-1

[Event "Bad Wiessee Senioren Cup 8th"]
[Site "Bad Wiessee"]
[Date "2019.05.18"]
[Round "8"]
[White "Auterhoff, Juergen"]
[Black "Buciu, Aurel John"]
[Result "0-1"]
[WhiteElo "1644"]
[BlackElo "1722"]
[PlyCount "120"]
[EventDate "2019.05.11"]
[EventType "swiss"]
[EventRounds "9"]
[EventCountry "GER"]
[SourceTitle "EXT 2020"]
[Source "ChessBase"]
[SourceDate "2019.10.17"]
[SourceVersion "1"]
[SourceVersionDate "2019.10.17"]
[SourceQuality "1"]

1. d4 e6 2. c4 f5 3. Nf3 Nf6 4. Nc3 d6 5. e3 Be7 6. Be2 0-0 7. 0-0 Qe8 8. b3 h6 9. h3 Ne4 10. Qc2 Qg6 11. Bd3 Nxc3 12. Qxc3 Nd7 13. Qc2 Nf6 14. Bb2 c6 15. Rac1 Ne4 16. Kh1 d5 17. Ne5 Qe8 18. Be2 Bd6 19. Nd3 Qe7 20. c5 Bc7 21. Bf3 Qg5 22. Bxe4 fxe4 23. Ne5 Rf6 24. Qe2 Bxe5 25. dxe5 Rg6 26. f4 Qe7 27. Qh5 Rg3 28. Kh2 Rxe3 29. Bd4 Rd3 30. Rfd1 Rxd1 31. Rxd1 Bd7 32. Re1 Rf8 33. g3 Be8 34. Qg4 Rf5 35. Qe2 h5 36. h4 Qf7 37. b4 Qg6 38. Kh3 Qf7 39. Be3 Qd7 40. Bd4 Bg6 41. a3 Rf7 42. Kh2 Qe8 43. Rg1 Rf8 44. Qe3 Bf5 45. Re1 Qg6 46. Qe2 Bg4 47. Qe3 Bf3 48. Rg1 Qg4 49. Qf2 a6 50. Qe3 Kf7 51. Qf2 Rh8 52. Qe3 Rh6 53. Qf2 Rg6 54. Qe3 Qf5 55. Qf2 Rg4 56. Be3 Kg8 57. Bd4 Qf8 58. Be3 Qd8 59. Bd4 a5 60. Qb2 Rxh4+ 0-1

[Event "Bad Wiessee Senioren Cup 8th"]
[Site "Bad Wiessee"]
[Date "2019.05.14"]
[Round "4"]
[White "Auterhoff, Juergen"]
[Black "Kleinhenz, Hans Georg"]
[Result "1/2-1/2"]
[WhiteElo "1644"]
[BlackElo "1873"]
[PlyCount "47"]
[EventDate "2019.05.11"]
[EventType "swiss"]
[EventRounds "9"]
[EventCountry "GER"]
[SourceTitle "EXT 2020"]
[Source "ChessBase"]
[SourceDate "2019.10.17"]
[SourceVersion "1"]
[SourceVersionDate "2019.10.17"]
[SourceQuality "1"]

1. e4 e6 2. d4 d5 3. Nd2 Nf6 4. e5 Nfd7 5. Bd3 c5 6. c3 Nc6 7. Ne2 cxd4 8. cxd4 f6 9. exf6 Nxf6 10. Nf3 Bd6 11. 0-0 Qc7 12. g3 0-0 13. Bf4 Bd7 14. Re1 Be8 15. Bxd6 Qxd6 16. Nf4 Bf7 17. Ne5 Rae8 18. Bb5 Re7 19. h4 Be8 20. Bxc6 Bxc6 21. Nxc6 Qxc6 22. Rc1 Qd6 23. Re5 Nd7 24. Rg5 1/2-1/2

[Event "Arber Seniors op 6th"]
[Site "Bayerisch Eisenstein"]
[Date "2018.08.04"]
[Round "8"]
[White "Glatz, Volker"]
[Black "Auterhoff, Juergen"]
[Result "0-1"]
[WhiteElo "1540"]
[BlackElo "1706"]
[PlyCount "82"]
[EventDate "2018.07.28"]
[EventType "swiss"]
[EventRounds "9"]
[EventCountry "GER"]
[SourceTitle "CBM 185 Extra"]
[Source "ChessBase"]
[SourceDate "2018.07.29"]
[SourceVersion "1"]
[SourceVersionDate "2018.07.29"]
[SourceQuality "1"]

1. Nf3 d5 2. c4 c6 3. d4 Nf6 4. Nbd2 e6 5. e3 Bd6 6. Bd3 Nbd7 7. c5 Bc7 8. 0-0 0-0 9. Qc2 e5 10. e4 dxe4 11. Nxe4 exd4 12. Nxd4 Nxe4 13. Bxe4 Nf6 14. Nf3 Nxe4 15. Qxe4 Re8 16. Qc2 h6 17. Be3 Bg4 18. Nd4 Qf6 19. Qc3 Be5 20. f3 Bh5 21. f4 Bc7 22. h3 Rad8 23. Rf2 Rxe3 24. Qxe3 Qxd4 25. Qxd4 Rxd4 26. Re1 Bxf4 27. Re8+ Kh7 28. g4 Bg6 29. Rfe2 Rd1+ 30. Kf2 Bg5 31. Kf3 Rd3+ 32. Kg2 Bh4 33. Rb8 Rd7 34. Ree8 Bb1 35. a3 Ba2 36. Kf3 Bd5+ 37. Kf4 Bg5+ 38. Kg3 Bf6 39. h4 Bxb2 40. Kf4 g6 41. Rh8+ Bxh8 0-1

[Event "Schleswig Holstein-ch Seniors op 11th"]
[Site "Buesum"]
[Date "2017.09.11"]
[Round "4"]
[White "Auterhoff, Juergen"]
[Black "Wolke, Reimund"]
[Result "0-1"]
[WhiteElo "1815"]
[BlackElo "1979"]
[PlyCount "72"]
[EventDate "2017.09.08"]
[EventType "swiss"]
[EventRounds "9"]
[EventCountry "GER"]
[SourceTitle "EXT 2019"]
[Source "ChessBase"]
[SourceDate "2018.10.10"]
[SourceVersion "1"]
[SourceVersionDate "2018.10.10"]
[SourceQuality "1"]

1. e4 c5 2. Nf3 e6 3. d4 cxd4 4. Nxd4 Nf6 5. Nc3 d6 6. Bb5+ Bd7 7. Bxd7+ Qxd7 8. 0-0 a6 9. Be3 Be7 10. f4 Nc6 11. Qf3 0-0 12. Rad1 Qc7 13. a3 Na5 14. Bc1 Rac8 15. Kh1 Nc4 16. Nde2 b5 17. b3 Nb6 18. Bb2 d5 19. exd5 Nbxd5 20. Nxd5 Nxd5 21. Rd2 Bf6 22. Bxf6 Nxf6 23. Rfd1 h6 24. Rc1 Rfd8 25. Rcd1 Rxd2 26. Rxd2 Nd5 27. f5 Qe5 28. fxe6 fxe6 29. h3 Ne3 30. c3 Rf8 31. Qg3 Qe4 32. Rd7 g6 33. h4 Ng4 34. Qc7 Rf1+ 35. Ng1 Rxg1+ 36. Kxg1 Qe1# 0-1

[Event "Schleswig Holstein-ch Seniors op 11th"]
[Site "Buesum"]
[Date "2017.09.10"]
[Round "3"]
[White "Horn, Wilfried"]
[Black "Auterhoff, Juergen"]
[Result "0-1"]
[WhiteElo "1412"]
[BlackElo "1815"]
[PlyCount "112"]
[EventDate "2017.09.08"]
[EventType "swiss"]
[EventRounds "9"]
[EventCountry "GER"]
[SourceTitle "EXT 2019"]
[Source "ChessBase"]
[SourceDate "2018.10.10"]
[SourceVersion "1"]
[SourceVersionDate "2018.10.10"]
[SourceQuality "1"]

1. c4 Nf6 2. Nc3 e6 3. Nf3 d5 4. cxd5 exd5 5. d4 Be7 6. e3 Bf5 7. Be2 0-0 8. 0-0 c6 9. a3 a5 10. Nh4 Be6 11. Nf3 Nbd7 12. Bd3 Bg4 13. h3 Bh5 14. Be2 Bg6 15. Bd3 Ne4 16. Qc2 f5 17. Ne1 Qc7 18. f4 Ndf6 19. Nf3 Ng3 20. Re1 Nfe4 21. Bxe4 fxe4 22. Ne5 Qd6 23. Ne2 Bh4 24. Nxg3 Bxg3 25. Rf1 Bh5 26. Ng4 Qg6 27. Qe2 Qe6 28. Nf6+ Rxf6 29. Qxh5 Rh6 30. Qe5 Qf7 31. Bd2 Re8 32. Qg5 Rg6 33. Qh5 Ra8 34. b4 a4 35. Qe2 Qd7 36. Kh1 Rf8 37. Rg1 Rf5 38. Be1 Bxe1 39. Raxe1 Qe7 40. Qf2 Rh5 41. Kh2 Qd7 42. Rh1 Rgh6 43. Kg1 Qf7 44. Rf1 Qg6 45. Kh2 Qf5 46. Kg1 Rh4 47. Qc2 b5 48. Rf2 Qg6 49. Kf1 Qg3 50. Qe2 Rf6 51. Ke1 Rf5 52. Kd2 Rh6 53. Qf1 Rhf6 54. Rg1 g5 55. Ke2 gxf4 56. Qc1 fxe3 0-1

[Event "Bad Woerishofen Seniors op 32nd"]
[Site "Bad Woerishofen"]
[Date "2016.03.05"]
[Round "9"]
[White "Neumann, Erwin"]
[Black "Auterhoff, Juergen"]
[Result "1/2-1/2"]
[WhiteElo "1870"]
[BlackElo "1763"]
[PlyCount "35"]
[EventDate "2016.02.26"]
[EventType "swiss"]
[EventRounds "9"]
[EventCountry "GER"]
[SourceTitle "EXT 2019"]
[Source "ChessBase"]
[SourceDate "2018.10.10"]
[SourceVersion "1"]
[SourceVersionDate "2018.10.10"]
[SourceQuality "1"]

1. e4 e5 2. Nf3 Nf6 3. Nc3 Bb4 4. Bc4 0-0 5. d3 d6 6. 0-0 Bg4 7. h3 Bh5 8. g4 Bg6 9. Ne2 Nc6 10. c3 Ba5 11. a4 Bb6 12. b4 a5 13. b5 Ne7 14. Bg5 Nd7 15. Qd2 Nc5 16. Nh4 Qd7 17. Nxg6 Nxg6 18. Kh2 1/2-1/2

[Event "Bad Woerishofen Seniors op 32nd"]
[Site "Bad Woerishofen"]
[Date "2016.03.02"]
[Round "6"]
[White "Auterhoff, Juergen"]
[Black "Hahn, Volker"]
[Result "1/2-1/2"]
[WhiteElo "1763"]
[BlackElo "1679"]
[PlyCount "44"]
[EventDate "2016.02.26"]
[EventType "swiss"]
[EventRounds "9"]
[EventCountry "GER"]
[SourceTitle "EXT 2019"]
[Source "ChessBase"]
[SourceDate "2018.10.10"]
[SourceVersion "1"]
[SourceVersionDate "2018.10.10"]
[SourceQuality "1"]

1. e4 d5 2. exd5 Qxd5 3. Nc3 Qd8 4. d4 c6 5. Nf3 Nf6 6. Be2 g6 7. 0-0 Bg7 8. Bf4 0-0 9. Qd2 Bg4 10. Rad1 e6 11. h3 Bxf3 12. Bxf3 Na6 13. Ne2 Qe7 14. Be5 Nd7 15. Bxg7 Kxg7 16. c3 Nb6 17. Qd3 Nc7 18. c4 Rad8 19. Qc3 Kg8 20. b3 Rd7 21. Rd2 Rfd8 22. Rfd1 Ne8 1/2-1/2

[Event "Stuttgart-chA int"]
[Site "Ditzingen"]
[Date "2014.05.31"]
[Round "6"]
[White "Jerie, Sven"]
[Black "Auterhoff, Juergen"]
[Result "1-0"]
[WhiteElo "2091"]
[BlackElo "1814"]
[PlyCount "73"]
[EventDate "2014.05.29"]
[EventType "swiss"]
[EventRounds "7"]
[EventCountry "GER"]
[SourceTitle "EXT 2015"]
[Source "ChessBase"]
[SourceDate "2014.11.20"]
[SourceVersion "1"]
[SourceVersionDate "2014.11.20"]
[SourceQuality "1"]

1. e4 e5 2. Nf3 Nf6 3. Nxe5 d6 4. Nf3 Nxe4 5. d4 d5 6. Bd3 Bf5 7. 0-0 Be7 8. Re1 Nc6 9. Nc3 Nxc3 10. bxc3 Bxd3 11. cxd3 0-0 12. Rb1 b6 13. Qa4 Na5 14. Bf4 Nb7 15. Qc6 Bd6 16. Bxd6 Nxd6 17. Qxd5 Re8 18. Rxe8+ Nxe8 19. Qc6 Nf6 20. c4 Rb8 21. h3 Qd7 22. Qxd7 Nxd7 23. Re1 Kf8 24. Ne5 Nxe5 25. Rxe5 Rd8 26. d5 f6 27. Re6 Kf7 28. Kf1 Rd7 29. Ke2 a5 30. Kd2 Re7 31. Rc6 Rd7 32. Kc3 Kg6 33. d6 Rxd6 34. Rxd6 cxd6 35. Kd4 Kf7 36. Kd5 a4 37. Kxd6 1-0

[Event "Stuttgart-chA int"]
[Site "Ditzingen"]
[Date "2014.05.29"]
[Round "2"]
[White "Steinhart, Christoph"]
[Black "Auterhoff, Juergen"]
[Result "1-0"]
[WhiteElo "1967"]
[BlackElo "1814"]
[PlyCount "73"]
[EventDate "2014.05.29"]
[EventType "swiss"]
[EventRounds "7"]
[EventCountry "GER"]
[SourceTitle "EXT 2015"]
[Source "ChessBase"]
[SourceDate "2014.11.20"]
[SourceVersion "1"]
[SourceVersionDate "2014.11.20"]
[SourceQuality "1"]

1. e4 e5 2. Nf3 Nf6 3. Nxe5 d6 4. Nf3 Nxe4 5. Nc3 Nxc3 6. dxc3 Be7 7. Be3 0-0 8. Qd2 Bf5 9. 0-0-0 Nc6 10. Kb1 Ne5 11. Nd4 Bg6 12. h3 f5 13. Ne6 Qd7 14. Nxf8 Kxf8 15. Qd5 Qc6 16. f4 Bf7 17. Qxc6 Nxc6 18. Bd3 g6 19. g4 fxg4 20. hxg4 Kg7 21. f5 Re8 22. Rh3 Ne5 23. Rdh1 Rh8 24. g5 gxf5 25. Bxf5 Bg6 26. Bxg6 Nxg6 27. Re1 Rf8 28. Reh1 Rh8 29. a4 a6 30. c4 c5 31. Bd2 Ne5 32. b3 Kg6 33. Rh6+ Kg7 34. Bc3 Bxg5 35. Rxd6 Bf6 36. Rg1+ Kf7 37. Rf1 1-0

[Event "Bad Woerishofen Seniors op 30th"]
[Site "Bad Woerishofen"]
[Date "2014.03.25"]
[Round "5"]
[White "Auterhoff, Juergen"]
[Black "Zwetz, Anita"]
[Result "0-1"]
[WhiteElo "1803"]
[BlackElo "1897"]
[PlyCount "96"]
[EventDate "2014.03.21"]
[EventType "swiss"]
[EventRounds "9"]
[EventCountry "GER"]
[SourceTitle "EXT 2019"]
[Source "ChessBase"]
[SourceDate "2018.10.10"]
[SourceVersion "1"]
[SourceVersionDate "2018.10.10"]
[SourceQuality "1"]

1. e4 e6 2. d4 d5 3. Nd2 c5 4. c3 Nc6 5. exd5 Qxd5 6. Ndf3 cxd4 7. Nxd4 Nxd4 8. Qxd4 Qxd4 9. cxd4 Bb4+ 10. Bd2 Bxd2+ 11. Kxd2 Bd7 12. Nf3 Ne7 13. Rc1 Bc6 14. Ne5 Rd8 15. Nxc6 Nxc6 16. Bb5 Rxd4+ 17. Ke3 Rd6 18. Rc3 Kd7 19. Rhc1 Rc8 20. b4 a6 21. Bxc6+ Rcxc6 22. Rxc6 Rxc6 23. Rd1+ Kc7 24. Rd2 b5 25. g3 Rc3+ 26. Kd4 Rc4+ 27. Ke3 Rxb4 28. Rc2+ Kd7 29. Rd2+ Ke7 30. Rc2 Ra4 31. Rc7+ Kf6 32. Rc2 g5 33. h3 h5 34. Rd2 Kf5 35. Rd7 Ra3+ 36. Kd4 f6 37. Rh7 Kg6 38. Rd7 Rxa2 39. Ke3 b4 40. Rb7 a5 41. Rb5 Ra3+ 42. Kd2 b3 43. Kc1 a4 44. Rb4 Ra2 45. f4 g4 46. hxg4 hxg4 47. Re4 a3 48. Rxe6 Ra1+ 0-1

[Event "Bad Woerishofen op 26th"]
[Site "Bad Woerishofen"]
[Date "2010.03.14"]
[Round "9"]
[White "Auterhoff, Juergen"]
[Black "Ellinger, Peter"]
[Result "0-1"]
[WhiteElo "1879"]
[BlackElo "2023"]
[PlyCount "58"]
[EventDate "2010.03.06"]
[EventType "swiss"]
[EventRounds "9"]
[EventCountry "GER"]
[SourceTitle "CBM 135 Extra"]
[Source "ChessBase"]
[SourceDate "2010.05.04"]
[SourceVersion "1"]
[SourceVersionDate "2010.05.04"]
[SourceQuality "1"]

1. e4 e5 2. Nc3 Nf6 3. Bc4 c6 4. d3 d5 5. exd5 cxd5 6. Bb5+ Bd7 7. Bxd7+ Nbxd7 8. Nf3 Bb4 9. 0-0 Bxc3 10. bxc3 0-0 11. Re1 Qc7 12. Bb2 Rfe8 13. Qd2 h6 14. h3 Re6 15. Re3 Nh7 16. Nh4 Qd8 17. Nf3 f5 18. Rae1 Rb6 19. Qc1 e4 20. Nd4 Qf6 21. Nb3 f4 22. R3e2 Ng5 23. c4 Qg6 24. Kh2 dxc4 25. dxc4 f3 26. Re3 Nxh3 27. gxf3 Nf4 28. Rg1 Qh5+ 29. Kg3 Qg5+ 0-1

[Event "Stuttgart-chB int"]
[Site "Ditzingen"]
[Date "2008.05.02"]
[Round "4"]
[White "Auterhoff, Juergen"]
[Black "Aubel, Stefan"]
[Result "1-0"]
[WhiteElo "1891"]
[BlackElo "1634"]
[PlyCount "93"]
[EventDate "2008.05.01"]
[EventType "swiss"]
[EventRounds "7"]
[EventCountry "GER"]
[SourceTitle "EXT 2018"]
[Source "ChessBase"]
[SourceDate "2017.10.13"]
[SourceVersion "1"]
[SourceVersionDate "2017.10.13"]
[SourceQuality "1"]

1. e4 c5 2. Nf3 Nc6 3. d4 cxd4 4. Nxd4 Nf6 5. Nc3 e6 6. Be2 Qb6 7. Ndb5 Bc5 8. Nd6+ Ke7 9. Nxc8+ Raxc8 10. 0-0 Qa5 11. Bd2 Bb4 12. a3 Bxc3 13. Bxc3 Qc5 14. Bf3 d6 15. Re1 Rhd8 16. Qd2 Ne5 17. Qf4 Ng6 18. Qd2 Nh4 19. Qf4 Nxf3+ 20. Qxf3 Qb6 21. Rad1 h6 22. Qd3 Ng4 23. Bd4 Qc6 24. Qg3 Ne5 25. c3 g5 26. Bxe5 dxe5 27. Qxe5 Rxd1 28. Rxd1 Qa4 29. Qd6+ Ke8 30. b3 Qc6 31. Qxc6+ Rxc6 32. c4 Ke7 33. f3 Rd6 34. Rxd6 Kxd6 35. Kf2 Kc5 36. Ke3 e5 37. g4 a6 38. Kd3 b6 39. Kc3 Kc6 40. b4 a5 41. Kb3 axb4 42. axb4 Kd6 43. b5 Kc7 44. Kb4 Kd6 45. c5+ bxc5+ 46. Kc4 f6 47. h3 1-0

[Event "Stuttgart-chB int"]
[Site "Ditzingen"]
[Date "2008.05.01"]
[Round "2"]
[White "Auterhoff, Juergen"]
[Black "Lin, Jean Claude"]
[Result "1-0"]
[WhiteElo "1891"]
[BlackElo "1396"]
[PlyCount "79"]
[EventDate "2008.05.01"]
[EventType "swiss"]
[EventRounds "7"]
[EventCountry "GER"]
[SourceTitle "EXT 2018"]
[Source "ChessBase"]
[SourceDate "2017.10.13"]
[SourceVersion "1"]
[SourceVersionDate "2017.10.13"]
[SourceQuality "1"]

1. e4 e5 2. Nc3 Nf6 3. Bc4 Nc6 4. d3 Bb4 5. Nge2 Na5 6. a3 Bxc3+ 7. Nxc3 Nxc4 8. dxc4 d6 9. Bg5 h6 10. Bh4 g5 11. Bg3 Be6 12. Qe2 Qe7 13. Nd5 Bxd5 14. cxd5 0-0-0 15. f3 Nd7 16. Bf2 Kb8 17. a4 Rc8 18. 0-0 c6 19. c4 h5 20. b4 c5 21. b5 Rc7 22. Rfb1 Kc8 23. Be1 Nb8 24. b6 axb6 25. Rxb6 Na6 26. Qb2 f5 27. Rb1 Rh7 28. Ba5 Nb4 29. Bxb4 cxb4 30. Qxb4 fxe4 31. fxe4 g4 32. Rxd6 Qg5 33. Qc3 Rhf7 34. Qd3 Rf4 35. Re6 Rcf7 36. d6 Qd8 37. Rxe5 Rd7 38. Rc5+ Kb8 39. e5 Rg7 40. e6 1-0

[Event "Stuttgart-chB int"]
[Site "Ditzingen"]
[Date "2006.05.28"]
[Round "7"]
[White "Auterhoff, Juergen"]
[Black "Odubhlaing, Seosamk"]
[Result "1-0"]
[WhiteElo "1674"]
[BlackElo "1510"]
[PlyCount "59"]
[EventDate "2006.05.25"]
[EventType "swiss"]
[EventRounds "7"]
[EventCountry "GER"]
[SourceTitle "EXT 2018"]
[Source "ChessBase"]
[SourceDate "2017.10.13"]
[SourceVersion "1"]
[SourceVersionDate "2017.10.13"]
[SourceQuality "1"]

1. e4 e5 2. Nc3 Nf6 3. Bc4 Bc5 4. d3 d6 5. Nf3 0-0 6. Bg5 c6 7. Qd2 b5 8. Bb3 a5 9. a3 Bg4 10. Nh4 b4 11. Na4 Bd4 12. h3 Bc8 13. 0-0 Nbd7 14. Nf5 Nc5 15. Nxd4 exd4 16. Nxc5 dxc5 17. e5 Ne4 18. dxe4 Qc7 19. axb4 Qxe5 20. Rxa5 Rxa5 21. bxa5 Ba6 22. Re1 c4 23. Bf4 Qc5 24. Ba4 Rd8 25. Bc7 Rd7 26. Bb6 Qe5 27. Bxc6 Re7 28. Qxd4 Qe6 29. Bd5 Qg6 30. Bxc4 1-0